Thông lệ và chuẩn mực kế toán quốc tế

Zapisane w:
Opis bibliograficzny
1. autor: Nguyễn Đình Đỗ
Format: Książka
Język:Undetermined
Wydane: H. Xây Dựng 2002
Hasła przedmiotowe:
Etykiety: Dodaj etykietę
Nie ma etykietki, Dołącz pierwszą etykiete!
Thư viện lưu trữ: Trung tâm Học liệu Trường Đại học Cần Thơ
LEADER 00516nam a2200181Ia 4500
001 CTU_54421
008 210402s9999 xx 000 0 und d
020 |b 18000 
082 |a 657 
082 |b Đ450 
100 |a Nguyễn Đình Đỗ 
245 0 |a Thông lệ và chuẩn mực kế toán quốc tế 
245 0 |c Nguyễn Đình Đỗ 
260 |a H. 
260 |b Xây Dựng 
260 |c 2002 
650 |a accounting 
980 |a Trung tâm Học liệu Trường Đại học Cần Thơ